000 00326nam a22001337a 4500
008 180911b xxu||||| |||| 00| 0 eng d
020 _a9781441907479
041 _aeng
080 _a159.9
100 _a48
101 _aPSI
245 _aHandbook of Stressful Transition Across the Lifespan
_cMiller, Th.W
942 _2udc
_cBK
999 _c47668
_d47668